| 000 | 00549nam a22001817a 4500 | ||
|---|---|---|---|
| 005 | 20231114124103.0 | ||
| 010 | _aB-755833 | ||
| 020 |
_a9789384340100 _c750.00 |
||
| 035 | _aB-755833 | ||
| 082 |
_22022 _a510 _b1 |
||
| 100 |
_aDUBEY C.M. _958610 |
||
| 245 |
_aMATHEMATICS MODELS / _cC.M. DUBEY |
||
| 260 |
_aDELHI _bYOGI PUBLICATION _c2022 |
||
| 270 |
_a77/1, EAST AZAD NAGAR , _bDELHI _e110051 |
||
| 300 |
_a144P. _b21CM(HB) |
||
| 942 |
_2ddc _cEN _e2022 _h510 _mBEY |
||
| 999 |
_c198578 _d198578 |
||